| 000 | 01116nam a2200289Ia 4500 | ||
|---|---|---|---|
| 003 | OSt | ||
| 005 | 20221005104243.0 | ||
| 006 | a|||||r|||| 00| 0 | ||
| 007 | ta | ||
| 008 | 221004b |||||||| |||| 00| 0 per d | ||
| 020 |
_a9788123019888 (pbk) _cINR 80.00 |
||
| 024 | _a43658 | ||
| 037 |
_b319, 11/03/2019, Eastern Book Linkers _cTextual |
||
| 040 |
_aCRL _cCRL _bper |
||
| 041 |
_2per _aper |
||
| 082 | _aO164,1G53x, 152Q5 | ||
| 100 | _aसुमनाक्षर, सोहनपाल, ले. | ||
| 245 | 0 | _aअमीर खुसरो | |
| 246 | _aAmīr khusaro | ||
| 250 | _aसंस्करण 3 | ||
| 260 |
_aदिल्ली _bप्रकाशन विभाग सूचना और प्रसारण मंत्रालय भारत _c2015 |
||
| 300 |
_a69पृ0 _ccm. |
||
| 650 | _a परशियन साहित्य | ||
| 650 | _aपरशियन कविता | ||
| 942 |
_hO164,1G53x, 152Q5 _cTEXL _2cc |
||
| 999 |
_c1012161 _d1012161 |
||